| 000 -NÁVESTIE |
| fixed length control field |
00349nam a2200121 a 4500 |
| 008 - ÚDAJE S PEVNOU DĹŽKOU – VŠEOBECNÉ INFORMÁCIE |
| fixed length control field |
110511s2001|||| d |
| 020 ## - MEDZINÁRODNÉ ŠTANDARDNÉ ČÍSLO KNIHY (ISBN) |
| Údaje o dostupnosti |
30 |
| 041 ## - KÓD JAZYKA |
| Kód jazyka textu/zvukovej stopy alebo samostatných nápisov |
eng - fre |
| 044 ## - KÓD KRAJINY VYDAVATEĽA/PRODUCENTA |
| Kód krajiny MARC |
FR |
| 100 1# - OSOBNÉ MENÁ – VŠEOBECNÉ INFORMÁCIE |
| Osobné meno |
Lelong, F. - Laroche, Jean - Louis |
| 245 10 - NÁZOV |
| Názov |
Grenoble entre lacs etmontagnes - A city lakes and mountains |
| 260 ## - VYDAVATEĽSKÉ ÚDAJE, DISTRIBÚCIA ATĎ. |
| Názov vydavateľa, distibútora atď. |
Les Points Cardinaux |
| Miesto publikovania, distribúcie atď. |
Lyon |
| Dátum publikovania, distribúcie atď. |
2001 |